Muse lyrics #4 - Statistics

General Stats
  • This quiz has been taken 151 times
  • The average score is 118 of 241
Answer Stats
Answer % Correct
I
96%
the
94%
The
94%
you
88%
me
75%
and
66%
And
66%
to
66%
To
66%
is
62%
my
62%
no
62%
No
62%
or
62%
can
61%
it
60%
I'm
58%
of
58%
Your
58%
your
58%
Don't
57%
don't
57%
see
50%
when
49%
one
48%
out
47%
out,
47%
pressure
46%
Pressure
46%
Simulation theory
45%
hear
44%
up
44%
get
39%
Get
39%
head
38%
push
38%
building
36%
can't
36%
against
34%
not
34%
back
33%
break
33%
exit
33%
trapped
33%
wall
33%
got
32%
solution
32%
need
31%
growing
30%
with
30%
mind
29%
Let
28%
close
27%
exponentially
27%
ground
27%
keep
27%
off
27%
stop
27%
edge
26%
I'll
26%
longer
26%
You've
25%
bound
23%
face
23%
now
23%
trying
23%
grinding
22%
feeling
21%
scream
21%
make
20%
take
20%
shout
18%
falling
17%
speed
17%
done
16%
block
15%
changing
14%
choke
13%
corruption
13%
pay
13%
behind
11%
blind
11%
lane
11%
oscillating
10%
sprinting
10%
carry
9%
strain
9%
thwart
9%
hitting
8%
burden
7%
curb
7%
turning
7%
No matching quizzes found
Score Distribution
Percent of People with Each Score
Percentile by Number Answered
Your Score History
You have not taken this quiz